তিতাস একটি নদীর নাম / (Record no. 6011)
[ view plain ]
| 000 -LEADER | |
|---|---|
| fixed length control field | 00650nam a22001817a 4500 |
| 003 - CONTROL NUMBER IDENTIFIER | |
| control field | BUBTL |
| 008 - FIXED-LENGTH DATA ELEMENTS--GENERAL INFORMATION | |
| fixed length control field | 190430b xxu||||| |||| 00| 0 eng d |
| 020 ## - INTERNATIONAL STANDARD BOOK NUMBER | |
| International Standard Book Number | 984-8324-99-6 |
| 082 ## - DEWEY DECIMAL CLASSIFICATION NUMBER | |
| Classification number | 891.443 / MOT |
| 100 ## - MAIN ENTRY--PERSONAL NAME | |
| 9 (RLIN) | 2313 |
| Personal name | মল্লর্বমণ, অদ্বৈত |
| 245 ## - TITLE STATEMENT | |
| Title | তিতাস একটি নদীর নাম / |
| Statement of responsibility, etc. | অদ্বৈত মল্লর্বমণ |
| 260 ## - PUBLICATION, DISTRIBUTION, ETC. (IMPRINT) | |
| Place of publication, distribution, etc. | ঢাকা : |
| Name of publisher, distributor, etc. | তিশা বুক ট্রেড, |
| Date of publication, distribution, etc. | c2012 |
| 300 ## - PHYSICAL DESCRIPTION | |
| Extent | 208 p. : |
| Dimensions | 22 cm. |
| 650 #0 - SUBJECT ADDED ENTRY--TOPICAL TERM | |
| 9 (RLIN) | 1755 |
| Topical term or geographic name as entry element | মুক্তিযুদ্ধ |
| 856 ## - ELECTRONIC LOCATION AND ACCESS | |
| Password | 0 |
| Logon | 0 |
| Link text | Download |
| 942 ## - ADDED ENTRY ELEMENTS (KOHA) | |
| Source of classification or shelving scheme | |
| Koha item type | Books |
| Withdrawn status | Lost status | Source of classification or shelving scheme | Damaged status | Not for loan | Collection code | Permanent location | Current location | Shelving location | Date acquired | Inventory number | Total Checkouts | Total Renewals | Full call number | Barcode | Date last seen | Date last checked out | Copy number | Price effective from | Koha item type |
|---|---|---|---|---|---|---|---|---|---|---|---|---|---|---|---|---|---|---|---|
| Fiction | Bangladesh University of Business and Technology Library | Bangladesh University of Business and Technology Library | Fiction | 10/24/2016 | 22721 | 1 | 2 | 891.443 / MOT | BUBTL-200322721 | 03/09/2020 | 02/25/2020 | C-1 | 04/30/2019 | Books | |||||
| Fiction | Bangladesh University of Business and Technology Library | Bangladesh University of Business and Technology Library | Fiction | 10/24/2016 | 22722 | 2 | 891.443 / MOT | BUBTL-200322722 | 02/17/2024 | 02/14/2024 | C-2 | 11/16/2019 | Books |
